| 000 | 00506nam a2200181Ia 4500 | ||
|---|---|---|---|
| 001 | 25442 | ||
| 005 | 20260414151150.0 | ||
| 008 | 260414t2018||||xx |||||||||||||| ||spa|| | ||
| 041 | _aESP | ||
| 082 |
_a346.5 _bT19 |
||
| 100 |
_aTantaleán Odar, Reynaldo Mario _eAUT |
||
| 245 | 0 |
_aLa nulidad del acto jurídico en la jurisprudencia de la corte suprema : _banálisis y comentarios |
|
| 260 | _c2018 | ||
| 300 |
_a571 páginas : _c25 cm. |
||
| 650 | _aDER | ||
| 654 | _aCDE | ||
| 942 |
_cLIB _dJUS _fJUS _2ddc _n |
||
| 999 |
_c25442 _d25442 |
||